[Event "BL2-West 2122"]
[Site "Germany"]
[Date "2022.07.02"]
[Round "9.2"]
[White "Wolter, Kai"]
[Black "Krejci, Jan1111"]
[Result "0-1"]
[WhiteElo "2280"]
[BlackElo "2508"]
[PlyCount "154"]
[EventDate "2022.03.05"]
[EventType "team-tourn"]
[EventRounds "10"]
[EventCountry "GER"]
[SourceTitle "EXT 2023"]
[Source "ChessBase"]
[SourceDate "2022.10.05"]
[SourceVersion "1"]
[SourceVersionDate "2022.10.05"]
[SourceQuality "1"]
[WhiteTeam "Muenster"]
[BlackTeam "Heimbach Weis/Neuwied"]
[WhiteTeamCountry "GER"]
[BlackTeamCountry "GER"]

1. e4 c5 2. Nf3 e6 3. d4 cxd4 4. Nxd4 Nc6 5. Nc3 a6 6. Be3 Nf6 7. Be2 Bb4 8. Nxc6 bxc6 9. 0-0 d5 10. Na4 0-0 11. Nb6 Rb8 12. Nxc8 Qxc8 13. exd5 cxd5 14. c4 Rd8 15. cxd5 Nxd5 16. Rc1 Qb7 17. Bf3 Qb5 18. Bxd5 Rxd5 19. Qc2 Bd6 20. b3 f5 21. f4 Rd8 22. Rfd1 Ba3 23. Rb1 a5 24. Rxd5 Qxd5 25. h3 h6 26. Re1 Bb4 27. Rc1 Ba3 28. Re1 Rd7 29. Bf2 Kf7 30. Qe2 Bb4 31. Rf1 Qe4 32. Qxe4 fxe4 33. Be3 Rd3 34. Kf2 Bd2 35. Bb6 a4 36. bxa4 Ra3 37. a5 Rxa2 38. Rb1 Bxf4+ 39. Kf1 Bd2 40. g4 Bxa5 41. Bxa5 Rxa5 42. Rb4 Ra1+ 43. Kf2 Ra2+ 44. Ke3 Ra3+ 45. Kxe4 Rxh3 46. Ke5 Re3+ 47. Kf4 Re1 48. Rb7+ Kf6 49. Rb6 Ra1 50. Rc6 Ra3 51. g5+ hxg5+ 52. Kg4 Ra4+ 53. Kg3 Kf5 54. Rc7 Ra3+ 55. Kg2 Kf6 56. Rc6 g4 57. Rb6 g6 58. Rc6 Kf5 59. Rc8 g3 60. Rf8+ Kg4 61. Re8 Ra2+ 62. Kg1 Re2 63. Rg8 g5 64. Re8 e5 65. Re7 e4 66. Re8 e3 67. Re7 Re1+ 68. Kg2 e2 69. Re8 Rf1 70. Re4+ Rf4 71. Rxe2 Rf2+ 72. Rxf2 gxf2 73. Kxf2 Kh3 74. Kg1 g4 75. Kh1 g3 76. Kg1 g2 77. Kf2 Kh2 0-1

[Event "BL2-West 2122"]
[Site "Germany"]
[Date "2022.06.18"]
[Round "7.3"]
[White "Wolter, Kai"]
[Black "Womacka, Mathias"]
[Result "0-1"]
[WhiteElo "2280"]
[BlackElo "2423"]
[PlyCount "152"]
[EventDate "2022.03.05"]
[EventType "team-tourn"]
[EventRounds "10"]
[EventCountry "GER"]
[SourceTitle "EXT 2023"]
[Source "ChessBase"]
[SourceDate "2022.10.05"]
[SourceVersion "1"]
[SourceVersionDate "2022.10.05"]
[SourceQuality "1"]
[WhiteTeam "Muenster"]
[BlackTeam "Hofheim"]
[WhiteTeamCountry "GER"]
[BlackTeamCountry "GER"]

1. e4 c5 2. Nf3 d6 3. d4 cxd4 4. Nxd4 Nf6 5. Nc3 a6 6. Be2 e5 7. Nb3 Be7 8. 0-0 0-0 9. Kh1 Nc6 10. a4 Be6 11. Be3 Rc8 12. Bf3 Nb4 13. a5 d5 14. Bb6 Qd7 15. exd5 Nbxd5 16. Nxd5 Bxd5 17. Rc1 Rfe8 18. Re1 Bf8 19. Nd2 Bxf3 20. Nxf3 Qf5 21. c4 e4 22. Qc2 Bb4 23. Re2 Bxa5 24. Nd4 Qh5 25. Bxa5 Qxa5 26. c5 Qb4 27. Qc4 Qxc4 28. Rxc4 g6 29. b4 Red8 30. h3 h5 31. Kh2 Kg7 32. Nb3 Rd3 33. Nd2 Re8 34. Nxe4 Rb3 35. Nd2 Rxh3+ 36. Kxh3 Rxe2 37. Nb3 Ng4 38. f3 Ne5 39. Rd4 Nc6 40. Rd7 Re7 41. Rxe7 Nxe7 42. Na5 Nc6 43. Nxb7 Nxb4 44. Na5 Kf6 45. g4 Kg5 46. c6 Nd5 47. Nc4 hxg4+ 48. fxg4 Kf4 49. Nd6 a5 50. Nb5 Ne7 51. c7 Nc8 52. Kh4 a4 53. g5 Kf5 54. Na3 Ke6 55. Kg4 Kd7 56. Kf4 Kxc7 57. Ke5 Nd6 58. Kf6 Kd7 59. Ke5 Ke7 60. Kd5 Ne8 61. Nc4 Nc7+ 62. Kc5 Ne6+ 63. Kb4 Nxg5 64. Kxa4 Ne6 65. Kb4 f5 66. Kc3 g5 67. Kd3 Kf6 68. Ke3 g4 69. Nb6 Kg5 70. Nd5 Kh4 71. Ne7 f4+ 72. Ke4 Kg3 73. Nf5+ Kf2 74. Nh4 g3 75. Ke5 g2 76. Nxg2 Kxg2 0-1

[Event "Oberliga NRW 1920"]
[Site "Germany"]
[Date "2019.10.13"]
[Round "2.3"]
[White "Browning, Alex"]
[Black "Wolter, Kai"]
[Result "1/2-1/2"]
[WhiteElo "2286"]
[BlackElo "2292"]
[PlyCount "152"]
[EventDate "2019.09.15"]
[EventType "team-tourn"]
[EventRounds "9"]
[EventCountry "GER"]
[SourceTitle "CBM 195 Extra"]
[Source "ChessBase"]
[SourceDate "2020.05.31"]
[SourceVersion "1"]
[SourceVersionDate "2020.05.31"]
[SourceQuality "1"]
[WhiteTeam "Plettenberg"]
[BlackTeam "Muenster"]
[WhiteTeamCountry "GER"]
[BlackTeamCountry "GER"]

1. e4 c5 2. Nf3 e6 3. c3 d5 4. exd5 exd5 5. d4 Nc6 6. Bb5 Bd6 7. 0-0 Nge7 8. dxc5 Bxc5 9. Nbd2 0-0 10. Nb3 Bd6 11. h3 a6 12. Bd3 h6 13. Be3 Bf5 14. Bc5 Qd7 15. Bxf5 Nxf5 16. Qd3 Nfe7 17. Rad1 Bxc5 18. Nxc5 Qc7 19. Nb3 Rad8 20. Rfe1 Ng6 21. Qf5 Nce7 22. Qg4 Nc6 23. Nbd4 Qf4 24. Qh5 Qf6 25. g3 Rd7 26. Kg2 Rfd8 27. Nf5 b5 28. a3 Na5 29. Ne3 Qc6 30. Nd4 Qa8 31. Kh2 Nc4 32. b3 Nxe3 33. Rxe3 Re8 34. Red3 Ne5 35. Re3 Ng6 36. Rde1 Rde7 37. Rxe7 Rxe7 38. Rxe7 Nxe7 39. Qe5 Ng6 40. Qd6 Qc8 41. Qc6 Ne7 42. Qxc8+ Nxc8 43. Nc6 Nb6 44. Kg2 f6 45. Kf3 Kf7 46. Ke3 Ke6 47. Nd4+ Kf7 48. Nf5 h5 49. Kd4 g6 50. Kc5 Nd7+ 51. Kd6 Ne5 52. Ne3 Nd3 53. Nd1 h4 54. gxh4 Nf4 55. f3 Nxh3 56. Kxd5 Nf4+ 57. Kd6 Ng2 58. c4 bxc4 59. bxc4 Nxh4 60. c5 Nxf3 61. c6 Nd4 62. c7 Nb5+ 63. Kd7 Nxc7 64. Kxc7 f5 65. Kb6 g5 66. Kxa6 g4 67. Nf2 g3 68. Nh3 Kf6 69. Kb7 Ke5 70. a4 f4 71. Ng1 Ke4 72. a5 f3 73. Nxf3 Kxf3 74. a6 g2 75. a7 g1Q 76. a8Q Qb1+ 1/2-1/2

[Event "Oberliga NRW 1718"]
[Site "Germany"]
[Date "2018.03.11"]
[Round "7.4"]
[White "Wolter, Kai"]
[Black "Wessendorf, Thomas"]
[Result "0-1"]
[WhiteElo "2205"]
[BlackElo "2172"]
[PlyCount "100"]
[EventDate "2017.09.17"]
[EventType "team-tourn"]
[EventRounds "9"]
[EventCountry "GER"]
[SourceTitle "EXT 2019"]
[Source "ChessBase"]
[SourceDate "2018.10.10"]
[SourceVersion "1"]
[SourceVersionDate "2018.10.10"]
[SourceQuality "1"]
[WhiteTeam "Muenster"]
[BlackTeam "Essen Katernberg"]
[WhiteTeamCountry "GER"]
[BlackTeamCountry "GER"]

1. e4 c5 2. Nf3 d6 3. d4 cxd4 4. Nxd4 Nf6 5. Nc3 g6 6. Be3 Bg7 7. f3 0-0 8. Qd2 Nc6 9. 0-0-0 d5 10. Nxc6 bxc6 11. Bh6 Be6 12. Bxg7 Kxg7 13. exd5 Bxd5 14. Na4 Qb8 15. c4 Be6 16. g3 Qe5 17. Qc3 Nd7 18. Be2 Qxc3+ 19. Nxc3 Nb6 20. b3 a5 21. c5 Nd7 22. Na4 Bd5 23. Rhe1 Ra7 24. f4 Rb8 25. Kb2 e6 26. Rd4 Rab7 27. Red1 Kf6 28. Bc4 Rb4 29. Kc3 h6 30. Bxd5 exd5 31. Re1 R4b5 32. Kb2 Nxc5 33. Rc1 Nxa4+ 34. Rxa4 c5 35. Rd1 Ke6 36. Re1+ Kd6 37. f5 gxf5 38. Rh4 c4 39. Rxh6+ Kc5 40. Rf6 a4 41. Rxf5 axb3 42. a4 Ra5 43. Rd1 Kb4 44. Rdxd5 Rxd5 45. Rxd5 c3+ 46. Kc1 Re8 47. Kd1 Ka3 48. a5 Kb2 49. Rc5 c2+ 50. Kd2 Rd8+ 0-1

[Event "GER CupT 1718 prel4"]
[Site "Kirchweyhe"]
[Date "2018.01.14"]
[Round "2.2"]
[White "Wolter, Kai"]
[Black "Stevic, Hrvoje"]
[Result "0-1"]
[WhiteElo "2298"]
[BlackElo "2597"]
[PlyCount "86"]
[EventDate "2018.01.13"]
[EventType "team-k.o."]
[EventRounds "2"]
[EventCountry "GER"]
[SourceTitle "EXT 2019"]
[Source "ChessBase"]
[SourceDate "2018.10.10"]
[SourceVersion "1"]
[SourceVersionDate "2018.10.10"]
[SourceQuality "1"]
[WhiteTeam "Muenster SK"]
[BlackTeam "Kirchweyhe"]
[WhiteTeamCountry "GER"]
[BlackTeamCountry "GER"]

1. e4 e5 2. Nf3 Nc6 3. Bc4 Nf6 4. d3 Be7 5. 0-0 0-0 6. Bb3 d6 7. c3 Na5 8. Bc2 c5 9. Nbd2 Nc6 10. Re1 Be6 11. Nf1 h6 12. Ng3 Rc8 13. h3 b5 14. Nh2 d5 15. exd5 Qxd5 16. Bb3 c4 17. dxc4 Qxd1 18. Rxd1 bxc4 19. Ba4 Nd7 20. Bc2 f5 21. Ngf1 Nc5 22. g4 e4 23. Ng3 Nd3 24. gxf5 Bxf5 25. Nxf5 Rxf5 26. Be3 Bg5 27. Rf1 Bxe3 28. fxe3 Rg5+ 29. Kh1 Rg3 30. Ng4 Rxh3+ 31. Kg2 Rh5 32. b3 Rd8 33. bxc4 Rd6 34. Bxd3 exd3 35. Rf4 Rg5 36. Kh3 Rdg6 37. Raf1 Rh5+ 38. Kg3 Ne5 39. Re4 Rhg5 40. Rxe5 Rxe5 41. Kf4 Reg5 42. Nf2 Rf6+ 43. Ke4 d2 0-1

[Event "Oberliga NRW 1718"]
[Site "Germany"]
[Date "2017.11.19"]
[Round "3.4"]
[White "Wolter, Kai"]
[Black "Bashilin, Roman"]
[Result "1/2-1/2"]
[WhiteElo "2205"]
[BlackElo "2221"]
[PlyCount "34"]
[EventDate "2017.09.17"]
[EventType "team-tourn"]
[EventRounds "9"]
[EventCountry "GER"]
[SourceTitle "EXT 2019"]
[Source "ChessBase"]
[SourceDate "2018.10.10"]
[SourceVersion "1"]
[SourceVersionDate "2018.10.10"]
[SourceQuality "1"]
[WhiteTeam "Muenster"]
[BlackTeam "Wuppertal Bahn"]
[WhiteTeamCountry "GER"]
[BlackTeamCountry "GER"]

1. e4 e6 2. d4 d5 3. exd5 exd5 4. Nf3 Nf6 5. Bd3 c5 6. 0-0 c4 7. Be2 h6 8. b3 cxb3 9. axb3 Bd6 10. Ba3 Nc6 11. Bxd6 Qxd6 12. Re1 0-0 13. c3 Re8 14. Bd3 Bg4 15. Nbd2 Rxe1+ 16. Qxe1 Re8 17. Qb1 Qe7 1/2-1/2

[Event "NRW Class1 1617"]
[Site "Germany"]
[Date "2017.03.26"]
[Round "8.4"]
[White "Wolter, Kai"]
[Black "Klatt, Jan"]
[Result "1/2-1/2"]
[WhiteElo "2269"]
[BlackElo "2102"]
[PlyCount "53"]
[EventDate "2016.09.25"]
[EventType "team-tourn"]
[EventRounds "9"]
[EventCountry "GER"]
[SourceTitle "EXT 2023"]
[Source "ChessBase"]
[SourceDate "2022.10.05"]
[SourceVersion "1"]
[SourceVersionDate "2022.10.05"]
[SourceQuality "1"]
[WhiteTeam "Muenster SK"]
[BlackTeam "Bielefeld"]
[WhiteTeamCountry "GER"]
[BlackTeamCountry "GER"]

1. e4 g6 2. d4 Bg7 3. Nc3 d6 4. f4 a6 5. Nf3 b5 6. Be3 Bb7 7. Bd3 Nd7 8. e5 e6 9. 0-0 Ne7 10. a4 bxa4 11. Rxa4 0-0 12. Qe2 Nf5 13. Bf2 Qb8 14. b3 c5 15. dxc5 dxe5 16. Bxa6 Bxf3 17. Qxf3 Nd4 18. Bxd4 exd4 19. Bb7 Ra7 20. Rxa7 Qxa7 21. Na4 Nxc5 22. Nxc5 Qxc5 23. Qc6 Qa7 24. Qa6 Qc5 25. Qc6 Qa7 26. Qa6 Qc5 27. Qc6 1/2-1/2

[Event "NRW Class1 1617"]
[Site "Germany"]
[Date "2017.03.05"]
[Round "7.3"]
[White "Wolter, Kai"]
[Black "Klip, Hans"]
[Result "1-0"]
[WhiteElo "2269"]
[BlackElo "2346"]
[PlyCount "93"]
[EventDate "2016.09.25"]
[EventType "team-tourn"]
[EventRounds "9"]
[EventCountry "GER"]
[SourceTitle "EXT 2023"]
[Source "ChessBase"]
[SourceDate "2022.10.05"]
[SourceVersion "1"]
[SourceVersionDate "2022.10.05"]
[SourceQuality "1"]
[WhiteTeam "Muenster SK"]
[BlackTeam "Plettenberg"]
[WhiteTeamCountry "GER"]
[BlackTeamCountry "GER"]

1. e4 e5 2. Nf3 Nc6 3. Bc4 Nf6 4. d3 Bc5 5. c3 a6 6. a4 Ba7 7. 0-0 d6 8. Nbd2 0-0 9. h3 h6 10. Re1 Nh5 11. Nf1 Qf6 12. Be3 Nf4 13. Ng3 g6 14. d4 Ne7 15. Nh2 h5 16. Qd2 Be6 17. Bf1 g5 18. Nxh5 Qg6 19. Ng3 f6 20. Be2 Nxe2+ 21. Qxe2 Kf7 22. Ng4 Rh8 23. dxe5 dxe5 24. Bxa7 Rxa7 25. Rad1 Raa8 26. Qf3 Kg7 27. Ne3 Qf7 28. a5 c6 29. Rd6 Rad8 30. Red1 Rxd6 31. Rxd6 Nc8 32. Nef5+ Kg6 33. Rd8 Kh7 34. Rxh8+ Kxh8 35. Qd3 Qc7 36. b4 Kh7 37. Qd1 Bf7 38. h4 Bg6 39. hxg5 fxg5 40. Qg4 Qd8 41. Qh3+ Kg8 42. Qh6 Bxf5 43. Nxf5 Qd7 44. Qxg5+ Kf8 45. Qf6+ Kg8 46. Nh6+ Kh7 47. Qf7+ 1-0

[Event "NRW Class1 1617"]
[Site "Germany"]
[Date "2017.02.12"]
[Round "6.4"]
[White "Wolter, Kai"]
[Black "Schiffer, Stefan"]
[Result "1/2-1/2"]
[WhiteElo "2269"]
[BlackElo "2207"]
[PlyCount "106"]
[EventDate "2016.09.25"]
[EventType "team-tourn"]
[EventRounds "9"]
[EventCountry "GER"]
[SourceTitle "EXT 2023"]
[Source "ChessBase"]
[SourceDate "2022.10.05"]
[SourceVersion "1"]
[SourceVersionDate "2022.10.05"]
[SourceQuality "1"]
[WhiteTeam "Muenster SK"]
[BlackTeam "Bruehl"]
[WhiteTeamCountry "GER"]
[BlackTeamCountry "GER"]

1. e4 c5 2. Nf3 g6 3. d4 cxd4 4. Qxd4 Nf6 5. Nc3 Nc6 6. Qa4 Bg7 7. e5 Ng8 8. Bf4 f6 9. e6 dxe6 10. Bb5 Bd7 11. 0-0-0 Qc8 12. Rxd7 Qxd7 13. Rd1 Qc8 14. Nd4 a6 15. Bc4 b5 16. Ncxb5 axb5 17. Qxb5 Ra5 18. Qxc6+ Qxc6 19. Nxc6 Ra8 20. Bxe6 Bh6 21. Bxh6 Nxh6 22. b4 Nf7 23. Kb2 Nd8 24. Bd5 Rc8 25. b5 Nxc6 26. Bxc6+ Kf7 27. a4 Rc7 28. Ka3 Rb8 29. a5 Ke6 30. Ka4 h5 31. c4 f5 32. c5 g5 33. Re1+ Kf6 34. a6 e5 35. Ka5 e4 36. f3 exf3 37. gxf3 g4 38. fxg4 hxg4 39. Bb7 Rxc5 40. Kb6 Rd5 41. Kc7 Rxb7+ 42. axb7 Rxb5 43. b8Q Rxb8 44. Kxb8 f4 45. Kc7 Kf5 46. Kd6 g3 47. hxg3 fxg3 48. Re8 Kf4 49. Rf8+ Ke3 50. Ke5 g2 51. Rg8 Kf2 52. Kf4 g1Q 53. Rxg1 Kxg1 1/2-1/2

[Event "Oberliga NRW 1516"]
[Site "Germany"]
[Date "2016.05.08"]
[Round "9.3"]
[White "Wacker, Peter"]
[Black "Wolter, Kai"]
[Result "1/2-1/2"]
[WhiteElo "2266"]
[BlackElo "2249"]
[PlyCount "59"]
[EventDate "2015.09.27"]
[EventType "team-tourn"]
[EventRounds "9"]
[EventCountry "GER"]
[SourceTitle "EXT 2017"]
[Source "ChessBase"]
[SourceDate "2016.10.25"]
[SourceVersion "1"]
[SourceVersionDate "2016.10.25"]
[SourceQuality "1"]
[WhiteTeam "Koeln SF"]
[BlackTeam "Muenster"]
[WhiteTeamCountry "GER"]
[BlackTeamCountry "GER"]

1. e4 c5 2. Nf3 e6 3. d4 cxd4 4. Nxd4 Nc6 5. Nc3 Qc7 6. Be2 a6 7. 0-0 Nf6 8. Be3 Be7 9. f4 d6 10. Qe1 0-0 11. Qg3 Bd7 12. Kh1 b5 13. a3 Nxd4 14. Bxd4 Bc6 15. Rae1 Qb7 16. Bd3 b4 17. axb4 Qxb4 18. Ne2 Qb7 19. Nc3 Qb4 20. Ne2 Qb7 21. e5 Nh5 22. Qh3 g6 23. Ng3 Nxg3+ 24. Qxg3 dxe5 25. Bxe5 Rad8 26. h4 Bb5 27. h5 Bxd3 28. cxd3 Qd5 29. hxg6 fxg6 30. d4 1/2-1/2

[Event "Oberliga NRW 1314"]
[Site "Germany"]
[Date "2014.01.12"]
[Round "5.5"]
[White "Wolter, Kai"]
[Black "Zuse, Peter"]
[Result "1-0"]
[WhiteElo "2238"]
[BlackElo "2257"]
[PlyCount "73"]
[EventDate "2013.09.15"]
[EventType "team-tourn"]
[EventRounds "9"]
[EventCountry "GER"]
[SourceTitle "EXT 2015"]
[Source "ChessBase"]
[SourceDate "2014.11.20"]
[SourceVersion "1"]
[SourceVersionDate "2014.11.20"]
[SourceQuality "1"]
[WhiteTeam "Muenster"]
[BlackTeam "Koeln SF"]
[WhiteTeamCountry "GER"]
[BlackTeamCountry "GER"]

1. e4 c5 2. Nf3 d6 3. d4 cxd4 4. Nxd4 Nf6 5. Nc3 a6 6. Be2 e5 7. Nb3 Be7 8. 0-0 0-0 9. Kh1 b6 10. Bg5 Nbd7 11. Nd5 Bb7 12. Nxe7+ Qxe7 13. f3 h6 14. Bh4 Qe6 15. Qd2 d5 16. exd5 Bxd5 17. Rac1 Bc4 18. Bd3 Rac8 19. Rfe1 Rfe8 20. Nd4 Qd5 21. Nf5 Bxd3 22. Qxd3 Qe6 23. c4 e4 24. fxe4 Nxe4 25. Rxe4 Qxe4 26. Qxe4 Rxe4 27. Ne7+ Kf8 28. Nxc8 Rxh4 29. b4 Rd4 30. h3 Ke8 31. c5 Rxb4 32. c6 Nc5 33. c7 Ne4 34. Nxb6 Nd6 35. c8Q+ Nxc8 36. Rxc8+ Ke7 37. Nd5+ 1-0

[Event "NRW Class2 1213"]
[Site "Germany"]
[Date "2013.01.20"]
[Round "5.4"]
[White "Wolter, Kai"]
[Black "Litwak, Aleksej"]
[Result "1-0"]
[WhiteElo "2223"]
[BlackElo "2213"]
[PlyCount "119"]
[EventDate "2012.09.16"]
[EventType "team-tourn"]
[EventRounds "9"]
[EventCountry "GER"]
[SourceTitle "EXT 2017"]
[Source "ChessBase"]
[SourceDate "2016.10.25"]
[SourceVersion "1"]
[SourceVersionDate "2016.10.25"]
[SourceQuality "1"]
[WhiteTeam "Muenster"]
[BlackTeam "Oberhausen"]
[WhiteTeamCountry "GER"]
[BlackTeamCountry "GER"]

1. e4 c5 2. Nf3 d6 3. d4 cxd4 4. Nxd4 Nf6 5. Nc3 Nc6 6. Be2 g6 7. 0-0 Bg7 8. Nb3 0-0 9. Re1 b6 10. Bf1 Bb7 11. Nd5 e6 12. Nxf6+ Bxf6 13. c3 Rc8 14. a4 Qc7 15. Bh6 Rfd8 16. f4 Bh8 17. Qg4 a6 18. h4 b5 19. axb5 axb5 20. Nd2 b4 21. Rac1 Ra8 22. f5 Ne5 23. Qh3 exf5 24. exf5 Qd7 25. cxb4 Qxf5 26. Qxf5 gxf5 27. Bg5 Rdc8 28. Nb3 Ng4 29. Rxc8+ Rxc8 30. Bd3 Be4 31. Bxe4 fxe4 32. Rxe4 h5 33. b5 Bxb2 34. b6 Rb8 35. Rb4 Bc3 36. Rb5 Rb7 37. Bd2 Be5 38. Kf1 Bg3 39. Na5 Re7 40. b7 d5 41. b8Q+ Bxb8 42. Rxb8+ Kh7 43. Rb7 Rxb7 44. Nxb7 Kg6 45. Ke2 Kf5 46. Nd6+ Ke6 47. Ne8 Kf5 48. g3 Ne5 49. Bf4 Ng4 50. Kd3 Nh2 51. Nc7 Kg4 52. Nxd5 Nf3 53. Ne3+ Kh3 54. Nf5 f6 55. Ke4 Ne1 56. Bd6 Kg4 57. Ne3+ Kh3 58. Bb4 Ng2 59. Nxg2 Kxg3 60. Kf5 1-0

[Event "Oberliga NRW 1112"]
[Site "Germany"]
[Date "2012.04.29"]
[Round "9.7"]
[White "Wolter, Kai"]
[Black "Gohla, Ulf"]
[Result "1/2-1/2"]
[WhiteElo "2194"]
[BlackElo "2199"]
[PlyCount "118"]
[EventDate "2011.09.18"]
[EventType "team-tourn"]
[EventRounds "9"]
[EventCountry "GER"]
[SourceTitle "EXT 2015"]
[Source "ChessBase"]
[SourceDate "2014.11.20"]
[SourceVersion "1"]
[SourceVersionDate "2014.11.20"]
[SourceQuality "1"]
[WhiteTeam "Muenster SK"]
[BlackTeam "Wattenscheid II"]
[WhiteTeamCountry "GER"]
[BlackTeamCountry "GER"]

1. e4 e5 2. Nf3 Nc6 3. Bc4 Bc5 4. 0-0 Nf6 5. d3 d6 6. c3 Bb6 7. a4 a6 8. Nbd2 0-0 9. h3 Ne7 10. Re1 Ng6 11. Nf1 h6 12. Ng3 Rb8 13. Bb3 Nd7 14. d4 Nh4 15. Be3 Nxf3+ 16. Qxf3 Qf6 17. Qxf6 Nxf6 18. dxe5 dxe5 19. Bxb6 cxb6 20. Red1 Bd7 21. Rd6 Bc6 22. f3 Rfd8 23. Nf5 Kf8 24. Rad1 Rd7 25. Rxd7 Nxd7 26. Bc2 Nc5 27. b3 h5 28. h4 Ne6 29. Ne3 f6 30. b4 Rd8 31. Rxd8+ Nxd8 32. Bb3 g6 33. Kf2 Ke7 34. b5 axb5 35. axb5 Bxb5 36. Nd5+ Kd6 37. Nxf6 Bc6 38. g4 hxg4 39. fxg4 Ke7 40. g5 b5 41. Ke3 Ne6 42. Bxe6 Kxe6 43. Kf3 Kf7 44. Kg4 b4 45. cxb4 Ba4 46. Kf3 b5 47. Nd5 Bc2 48. Ke3 Bb3 49. Nf6 Bc4 50. Ng4 Ke6 51. Kd2 Kd6 52. Nf6 Ke6 53. h5 gxh5 54. Nxh5 Kf7 55. Nf6 Be6 56. Ke3 Kg6 57. Ne8 Kxg5 58. Nd6 Bd7 59. Kf3 Bg4+ 1/2-1/2

[Event "Oberliga NRW 1112"]
[Site "Germany"]
[Date "2012.03.04"]
[Round "7.4"]
[White "Van Beek, Alexander"]
[Black "Wolter, Kai"]
[Result "1-0"]
[WhiteElo "2261"]
[BlackElo "2194"]
[PlyCount "89"]
[EventDate "2011.09.18"]
[EventType "team-tourn"]
[EventRounds "9"]
[EventCountry "GER"]
[SourceTitle "EXT 2015"]
[Source "ChessBase"]
[SourceDate "2014.11.20"]
[SourceVersion "1"]
[SourceVersionDate "2014.11.20"]
[SourceQuality "1"]
[WhiteTeam "Erkenschwick"]
[BlackTeam "Muenster SK"]
[WhiteTeamCountry "GER"]
[BlackTeamCountry "GER"]

1. d4 Nf6 2. c4 g6 3. Nc3 Bg7 4. e4 d6 5. Nf3 0-0 6. Be2 e5 7. 0-0 Na6 8. Be3 Ng4 9. Bg5 Qe8 10. h3 h6 11. Bh4 Nf6 12. Bxf6 Bxf6 13. c5 exd4 14. Nd5 Bg7 15. Bxa6 bxa6 16. Nxc7 Qc6 17. Nxa8 dxc5 18. Rc1 Bb7 19. Nd2 a5 20. Re1 Rc8 21. Nc4 Qa6 22. Qa4 Bxa8 23. f3 d3 24. Red1 Bd4+ 25. Kh1 Bc6 26. Qxa5 Qxa5 27. Nxa5 Be3 28. Nxc6 Rxc6 29. Rc3 Bd4 30. Rcxd3 Bxb2 31. Rd6 Rxd6 32. Rxd6 c4 33. Kg1 c3 34. Rc6 Kf8 35. Kf2 Ke7 36. Ke2 Kd7 37. Rc4 Kd6 38. Kd3 Ke5 39. g3 g5 40. Rc7 f6 41. Rxa7 h5 42. Rd7 h4 43. Rd5+ Ke6 44. gxh4 gxh4 45. a4 1-0

[Event "Oberliga NRW 1011"]
[Site "Germany"]
[Date "2011.01.30"]
[Round "6.6"]
[White "Wolter, Kai"]
[Black "Van Dooren, Dirk"]
[Result "1/2-1/2"]
[WhiteElo "2210"]
[BlackElo "2286"]
[PlyCount "110"]
[EventDate "2010.09.26"]
[EventType "team-tourn"]
[EventRounds "9"]
[EventCountry "GER"]
[SourceTitle "EXT 2012"]
[Source "ChessBase"]
[SourceDate "2011.11.24"]
[SourceVersion "1"]
[SourceVersionDate "2011.11.24"]
[SourceQuality "1"]
[WhiteTeam "Muenster"]
[BlackTeam "Aachen Aufwaerts"]
[WhiteTeamCountry "GER"]
[BlackTeamCountry "GER"]

1. e4 e5 2. Nf3 Nc6 3. Bc4 Nf6 4. d3 Bc5 5. Nc3 d6 6. h3 Na5 7. 0-0 h6 8. Na4 Nxc4 9. Nxc5 Nb6 10. Nb3 Be6 11. Be3 Nbd7 12. c3 0-0 13. Nbd2 d5 14. d4 exd4 15. Nxd4 Re8 16. Nxe6 Rxe6 17. Qb3 Nb6 18. Rad1 Nxe4 19. Nxe4 Rxe4 20. Bxb6 axb6 21. Rxd5 Qe7 22. Rd2 Re8 23. Qd5 c6 24. Qd7 Qxd7 25. Rxd7 Re2 26. b3 Rxa2 27. Rxb7 b5 28. Rc7 Re6 29. Rc8+ Kh7 30. Rd8 g5 31. Rd3 Kg6 32. Rfd1 f5 33. g4 Rc2 34. Kg2 fxg4 35. hxg4 h5 36. Rd6 Rce2 37. gxh5+ Kxh5 38. R1d3 Kg4 39. b4 Kf4 40. R6d4+ R2e4 41. Rf3+ Kg4 42. Rg3+ Kf5 43. Rf3+ Kg6 44. Rfd3 Rxd4 45. Rxd4 Kf5 46. Kg3 Rh6 47. f3 Rh4 48. Rd8 Rc4 49. Rd3 Ke5 50. Re3+ Kf6 51. Rd3 Kf5 52. Re3 c5 53. bxc5 Rxc5 54. Rd3 Re5 55. Rd6 Rc5 1/2-1/2

[Event "GER CupT"]
[Site "Germany"]
[Date "2010.02.21"]
[Round "2"]
[White "Wolter, Kai"]
[Black "Zeltwanger, Andre"]
[Result "1-0"]
[WhiteElo "2203"]
[BlackElo "2245"]
[PlyCount "47"]
[EventDate "2010.02.20"]
[EventType "team-tourn"]
[EventRounds "2"]
[EventCountry "GER"]
[SourceTitle "CBM 135 Extra"]
[Source "ChessBase"]
[SourceDate "2010.05.04"]
[SourceVersion "1"]
[SourceVersionDate "2010.05.04"]
[SourceQuality "1"]

1. e4 c5 2. Nf3 Nc6 3. d4 cxd4 4. Nxd4 Nf6 5. Nc3 e5 6. Ndb5 d6 7. Bg5 a6 8. Bxf6 gxf6 9. Na3 b5 10. Nd5 Bg7 11. c3 f5 12. exf5 Bxf5 13. Nc2 0-0 14. Nce3 Be6 15. g3 Rc8 16. Bg2 f5 17. Qh5 e4 18. 0-0 Ne7 19. Nf4 Bf7 20. Qh3 Qb6 21. Nxf5 Nxf5 22. Qxf5 Rce8 23. Bxe4 Bg6 24. Bd5+ 1-0

[Event "Oberliga NRW 0910"]
[Site "Germany"]
[Date "2009.10.25"]
[Round "2.8"]
[White "Grobbel, Rainer"]
[Black "Wolter, Kai"]
[Result "1/2-1/2"]
[WhiteElo "2126"]
[BlackElo "2203"]
[PlyCount "132"]
[EventDate "2009.09.20"]
[EventType "team-tourn"]
[EventRounds "9"]
[EventCountry "GER"]
[SourceTitle "EXT 2011"]
[Source "ChessBase"]
[SourceDate "2010.11.26"]
[SourceVersion "1"]
[SourceVersionDate "2010.11.26"]
[SourceQuality "1"]
[WhiteTeam "Lippstadt Turm"]
[BlackTeam "Muenster"]
[WhiteTeamCountry "GER"]
[BlackTeamCountry "GER"]

1. d4 Nf6 2. c4 g6 3. Nc3 Bg7 4. Bf4 0-0 5. Nf3 c5 6. d5 d6 7. e4 Bg4 8. Be2 Bxf3 9. Bxf3 Nfd7 10. 0-0 Na6 11. Qd2 Re8 12. Be2 Nc7 13. Bg3 a6 14. a4 b6 15. f4 Rb8 16. Rae1 Rb7 17. Bd3 e6 18. e5 exd5 19. exd6 Rxe1 20. Rxe1 Ne8 21. cxd5 Nxd6 22. Bxa6 Ra7 23. Qe2 Bd4+ 24. Kh1 Nf6 25. Bd3 Nh5 26. Qg4 Nxg3+ 27. Qxg3 Bxc3 28. bxc3 Rxa4 29. f5 Qh4 30. Qxh4 Rxh4 31. Rb1 c4 32. g3 Rh5 33. Bc2 b5 34. Kg2 gxf5 35. Bd1 Rh6 36. Bf3 Kf8 37. Re1 Nb7 38. Re5 Ra6 39. Rxf5 Ra2+ 40. Kf1 Rxh2 41. Bg2 Rh6 42. Ke2 Ke7 43. Ke3 Rg6 44. Rf3 Ra6 45. Rf2 Ra1 46. Be4 Re1+ 47. Kd4 Rd1+ 48. Ke5 Re1 49. Kd4 h6 50. Bf3 Rg1 51. Bh5 Nd6 52. Rf3 Rxg3 53. Rxg3 Nf5+ 54. Kc5 Nxg3 55. Bf3 Nf5 56. Kxb5 Nd6+ 57. Kc5 f5 58. Be2 f4 59. Bg4 Nf7 60. Be2 Ne5 61. Bxc4 Nxc4 62. Kxc4 Kd6 63. Kd4 f3 64. Ke3 Kxd5 65. Kxf3 Kc4 66. Kg4 Kxc3 1/2-1/2